[Event "DEM U14 2010"]
[Site "Oberhof GER"]
[Date "2010.05.23"]
[Round "2"]
[White "Schreiber, Kevin"]
[Black "Buchberger, Sascha"]
[Result "1/2-1/2"]
[Termination "normal"]
[Board "13"]
[WhiteElo "1674"]
[BlackElo "1736"]
[PlyCount "82"]
[WhiteFideId "24655830"]
[BlackFideId "24690180"]
[EventCountry "GER"]
[EventRounds "9"]
[EventType "swiss"]
[EventDate "2010.05.22"]

1. d4 Nf6 2. Bf4 g6 3. e3 Bg7 4. Be2 d6 5. Nf3 O-O 6. h3 Nbd7 7. O-O b6 8. c3
Bb7 9. Qb3 c5 10. Nbd2 a6 11. a4 Ra7 12. Bc4 Qa8 13. Rfe1 Ne4 14. Nxe4 Bxe4 15.
Ng5 d5 16. Be2 cxd4 17. exd4 h6 18. Nxe4 dxe4 19. Bc4 e6 20. Rad1 Nf6 21. Qxb6
Rb7 22. Qxa6 Qxa6 23. Bxa6 Rxb2 24. Bd6 Ra8 25. Bb5 Nd5 26. Rc1 Nxc3 27. Rxc3
Bxd4 28. Ree3 Bxe3 29. fxe3 Rd8 30. Be5 Rb1+ 31. Kh2 g5 32. Bd4 f5 33. Bc6 Kf7
34. a5 Ra1 35. Kg3 Rxd4 36. exd4 Rxa5 37. Rc2 Ra3+ 38. Kf2 Rd3 39. Rc4 Rd2+ 40.
Kf1 e3 41. Bf3 Kf6 1/2-1/2

[Event "DEM U14 2010"]
[Site "Oberhof GER"]
[Date "2010.05.23"]
[Round "2"]
[White "Knopf, Felix"]
[Black "Krause, Benedict"]
[Result "1/2-1/2"]
[Termination "normal"]
[Board "14"]
[WhiteElo "1745"]
[BlackElo "1827"]
[PlyCount "125"]
[WhiteFideId "24692204"]
[BlackFideId "12917990"]
[EventCountry "GER"]
[EventRounds "9"]
[EventType "swiss"]
[EventDate "2010.05.22"]

1. d4 d5 2. c4 e6 3. Nc3 Nf6 4. Nf3 Be7 5. Bg5 O-O 6. e3 h6 7. Bf4 Nbd7 8. a3
c6 9. cxd5 exd5 10. Bd3 Re8 11. O-O Nf8 12. Qc2 Ne6 13. Bg3 Nh5 14. Be5 Bd6 15.
b4 Bxe5 16. Nxe5 Nf6 17. Rac1 Nd7 18. Bh7+ Kf8 19. f4 Qf6 20. b5 g6 21. f5 Nxe5
22. fxe6 Qxe6 23. dxe5 Kg7 24. Rf6 Qg4 25. Rcf1 Be6 26. R1f4 Qh5 27. Qf2 Kxh7
28. Rxf7+ Kg8 29. Rxb7 Qxe5 30. Qg3 Bf5 31. bxc6 Qxc3 32. Rxf5 Qxc6 33. Rbf7
Qc1+ 34. Rf1 Qxe3+ 35. Qxe3 Rxe3 36. Rd7 Rxa3 37. Rxd5 Re8 38. Rd7 Ra2 39. h3
Rf8 40. Re1 Rf7 41. Re8+ Kg7 42. Rxf7+ Kxf7 43. Ra8 g5 44. Kh2 a5 45. Kg3 a4
46. Ra6 h5 47. h4 Ra3+ 48. Kh2 gxh4 49. Rh6 Ra2 50. Rxh5 Kg6 51. Rxh4 Kg5 52.
Rb4 Kf5 53. Kg3 Ke5 54. Kh4 a3 55. Ra4 Ra1 56. Kg5 a2 57. g4 Kd5 58. Kg6 Kc5
59. g5 Kb5 60. Ra8 Kb4 61. Kg7 Kb3 62. Rb8+ Kc2 63. Rc8+ 1/2-1/2

[Event "DEM U14 2010"]
[Site "Oberhof GER"]
[Date "2010.05.24"]
[Round "3"]
[White "Blübaum, Matthias"]
[Black "Carow, Johannes"]
[Result "1/2-1/2"]
[Termination "normal"]
[Board "1"]
[WhiteElo "2091"]
[BlackElo "1939"]
[PlyCount "116"]
[WhiteFideId "24651516"]
[BlackFideId "24692050"]
[EventCountry "GER"]
[EventRounds "9"]
[EventType "swiss"]
[EventDate "2010.05.22"]

1. d4 Nf6 2. c4 c5 3. d5 b5 4. cxb5 a6 5. bxa6 Bxa6 6. Nc3 g6 7. g3 d6 8. Bg2
Bg7 9. Nf3 O-O 10. O-O Nbd7 11. Rb1 Ne8 12. Re1 Nc7 13. e4 Nb5 14. Ne2 Qa5 15.
a4 Nc7 16. b3 Rfb8 17. Bd2 Qb6 18. Be3 Qb4 19. Bd2 Qb7 20. Bg5 Kf8 21. Qc2 Qa7
22. Nc3 Rb6 23. Nd2 Ne5 24. Bf1 Bxf1 25. Rxf1 Qa6 26. f4 Qd3 27. Qxd3 Nxd3 28.
Ne2 f5 29. exf5 gxf5 30. Nc4 Rb7 31. Rfd1 Nb4 32. Ne3 Kf7 33. Nxf5 Ncxd5 34.
Kg2 Bf8 35. Kf3 e6 36. Ne3 Nxe3 37. Kxe3 Nd5+ 38. Kf2 Rab8 39. f5 Rxb3 40.
fxe6+ Kxe6 41. Rxb3 Rxb3 42. Re1 Kd7 43. a5 Ra3 44. Bd2 Be7 45. Rb1 Bd8 46.
Rb7+ Bc7 47. h4 Nf6 48. Nc3 Rxa5 49. Nd5 Ne4+ 50. Ke3 Nxd2 51. Rxc7+ Kd8 52.
Kxd2 c4 53. Rxh7 Rxd5+ 54. Kc3 Rd3+ 55. Kxc4 Rxg3 56. Kd5 Ke8 57. Kxd6 Kf8 58.
Ke6 Kg8 1/2-1/2

[Event "DEM U14 2010"]
[Site "Oberhof GER"]
[Date "2010.05.24"]
[Round "3"]
[White "Svane, Rasmus"]
[Black "Eigemann, Frederik"]
[Result "1/2-1/2"]
[Termination "normal"]
[Board "2"]
[WhiteElo "2157"]
[BlackElo "1929"]
[PlyCount "93"]
[WhiteFideId "4657101"]
[BlackFideId "24692034"]
[EventCountry "GER"]
[EventRounds "9"]
[EventType "swiss"]
[EventDate "2010.05.22"]

1. g3 c5 2. Bg2 g6 3. e4 Bg7 4. d3 e5 5. Nc3 Ne7 6. Nh3 d6 7. O-O O-O 8. f4
Nbc6 9. Be3 a6 10. Qd2 exf4 11. Nxf4 Ne5 12. h3 Be6 13. Rf2 Qd7 14. Raf1 b5 15.
Kh1 b4 16. Ncd5 Bxd5 17. Nxd5 Nxd5 18. exd5 f5 19. Re2 Rae8 20. Rfe1 a5 21. c4
bxc3 22. bxc3 c4 23. dxc4 Nxc4 24. Qd3 Nxe3 25. Rxe3 Be5 26. c4 Qc8 27. Rb1 Qc7
28. Rb5 Rb8 29. Qb3 Rxb5 30. Qxb5 Rc8 31. Bf1 Qc5 32. Qxc5 Rxc5 33. Kg2 Kf7 34.
Rb3 Kf6 35. g4 fxg4 36. hxg4 h6 37. Kf3 h5 38. gxh5 gxh5 39. Rb8 h4 40. Ke4 Ke7
41. Rb7+ Kd8 42. Rh7 Bg3 43. Kf5 Kc8 44. Ke6 Rc7 45. Rh8+ Kb7 46. Rd8 Rh7 47.
Bh3 1/2-1/2

[Event "DEM U14 2010"]
[Site "Oberhof GER"]
[Date "2010.05.24"]
[Round "3"]
[White "Kyas, Philipp"]
[Black "Urban, Lars"]
[Result "1/2-1/2"]
[Termination "normal"]
[Board "4"]
[WhiteElo "2015"]
[BlackElo "1835"]
[PlyCount "44"]
[WhiteFideId "24670936"]
[BlackFideId "4644034"]
[EventCountry "GER"]
[EventRounds "9"]
[EventType "swiss"]
[EventDate "2010.05.22"]

1. d4 d5 2. c4 e6 3. Nc3 Nf6 4. cxd5 exd5 5. Bg5 Nbd7 6. e3 Be7 7. Bd3 O-O 8.
Qc2 Re8 9. Nf3 c6 10. O-O Nf8 11. h3 Ng6 12. Rab1 a5 13. Na4 Bd6 14. a3 h6 15.
Bxf6 Qxf6 16. Nb6 Bxh3 17. gxh3 Qxf3 18. Bxg6 Qxh3 19. f3 fxg6 20. Nxa8 Rxa8
21. Qg2 Qe6 22. e4 c5 1/2-1/2

[Event "DEM U14 2010"]
[Site "Oberhof GER"]
[Date "2010.05.24"]
[Round "3"]
[White "Stahnecker, Ludwig"]
[Black "Koop, Thorben"]
[Result "1-0"]
[Termination "normal"]
[Board "5"]
[WhiteElo "1991"]
[BlackElo "1868"]
[PlyCount "107"]
[WhiteFideId "24692026"]
[BlackFideId "24661619"]
[EventCountry "GER"]
[EventRounds "9"]
[EventType "swiss"]
[EventDate "2010.05.22"]

1. e4 c5 2. Nf3 Nc6 3. Nc3 d6 4. d4 cxd4 5. Nxd4 e5 6. Ndb5 a6 7. Na3 b5 8. Nd5
Nge7 9. c4 Nd4 10. Be3 Nxd5 11. cxd5 Be7 12. Bxd4 exd4 13. Bd3 O-O 14. O-O Bb7
15. Qb3 Qd7 16. Nc2 Rac8 17. Nxd4 Bf6 18. Nf3 Rc5 19. a4 Qc7 20. axb5 axb5 21.
Qb4 Rb8 22. Nd4 Bxd4 23. Qxd4 Bc8 24. b4 Rc3 25. h3 h6 26. Rfd1 Bd7 27. Ra7 Qc8
28. Kh2 Rc7 29. Rda1 Be8 30. Rxc7 Qxc7 31. Ra7 Qb6 32. Qxb6 Rxb6 33. f4 f6 34.
Kg3 g5 35. fxg5 hxg5 36. Kg4 Bg6 37. g3 Kf8 38. h4 gxh4 39. gxh4 Kg8 40. h5 Bh7
41. h6 Rb8 42. Rg7+ Kh8 43. Rd7 Rg8+ 44. Kf4 Rg6 45. Rd8+ Bg8 46. h7 Kxh7 47.
e5 dxe5+ 48. Ke3 Bf7 49. d6 Be6 50. Re8 e4 51. Rxe6 Rg3+ 52. Kxe4 f5+ 53. Kd4
Rg4+ 54. Kc5 1-0

[Event "DEM U14 2010"]
[Site "Oberhof GER"]
[Date "2010.05.24"]
[Round "3"]
[White "Cech, Tim"]
[Black "Wagner, Dennis"]
[Result "0-1"]
[Termination "normal"]
[Board "6"]
[WhiteElo "1807"]
[BlackElo "2112"]
[PlyCount "132"]
[WhiteFideId "1270258"]
[BlackFideId "24650684"]
[EventCountry "GER"]
[EventRounds "9"]
[EventType "swiss"]
[EventDate "2010.05.22"]

1. e4 e5 2. Nf3 Nc6 3. Nc3 Nf6 4. Bb5 Bb4 5. d3 Bxc3+ 6. bxc3 d6 7. O-O O-O 8.
Bg5 Qe7 9. Re1 Nd8 10. d4 Ne6 11. Bc4 Nxg5 12. Nxg5 Bg4 13. Be2 Bd7 14. Bd3 h6
15. Nf3 c5 16. Rb1 b6 17. Bb5 Bg4 18. Bc6 Rac8 19. d5 Bd7 20. Bxd7 Qxd7 21. Qd3
c4 22. Qe2 Qa4 23. Rb2 Qa3 24. Reb1 Qxc3 25. Nd2 Rc7 26. Rb4 Qxc2 27. R1b2 Qc1+
28. Nf1 c3 29. Rc2 Qa3 30. Rb3 Qa5 31. Ng3 Rfc8 32. Nf5 Ne8 33. Qb5 Qxb5 34.
Rxb5 Kf8 35. f3 Rc5 36. Rb3 h5 37. Kf2 g6 38. Ne3 Ke7 39. Nd1 Nc7 40. Rcxc3 Nb5
41. Rxb5 Rxc3 42. Nxc3 Rxc3 43. Rb2 Kd7 44. Ke1 h4 45. Kd2 Ra3 46. Ke2 Ra5 47.
Kd3 Rc5 48. Rc2 Rxc2 49. Kxc2 b5 50. g3 hxg3 51. hxg3 g5 52. Kb3 Kc7 53. a4 Kb6
54. Kb4 a5+ 55. Kb3 bxa4+ 56. Kxa4 Ka6 57. Ka3 Kb5 58. Kb3 a4+ 59. Ka3 f6 60.
g4 Ka5 61. Ka2 Kb4 62. Kb2 a3+ 63. Kb1 Kb3 64. Ka1 a2 65. f4 gxf4 66. g5 f3 0-1

[Event "DEM U14 2010"]
[Site "Oberhof GER"]
[Date "2010.05.24"]
[Round "3"]
[White "Töws, Manuel"]
[Black "Takeuchi, Eiki"]
[Result "0-1"]
[Termination "normal"]
[Board "7"]
[WhiteElo "1910"]
[BlackElo "1850"]
[PlyCount "94"]
[WhiteFideId "24654485"]
[BlackFideId "24663751"]
[EventCountry "GER"]
[EventRounds "9"]
[EventType "swiss"]
[EventDate "2010.05.22"]

1. e4 e6 2. d4 d5 3. Nc3 Nf6 4. e5 Nfd7 5. f4 c5 6. Nf3 Nc6 7. Be3 cxd4 8. Nxd4
Bc5 9. Qd2 a6 10. O-O-O Qc7 11. h4 b5 12. Kb1 Bb7 13. Rh3 Rc8 14. Ndxb5 axb5
15. Nxb5 Qb6 16. Nd6+ Ke7 17. Bxc5 Nxc5 18. Qf2 Rb8 19. Rb3 Qa7 20. Rb5 d4 21.
Qg3 Ba6 22. Rxb8 Rxb8 23. Qxg7 Bxf1 24. Qxf7+ Kd8 25. Qxa7 Nxa7 26. Rxf1 Nc6
27. b3 Na4 28. Kc1 Nc3 29. a4 Ke7 30. Kd2 Rg8 31. Rg1 Nd5 32. g3 Rg7 33. Nc4
Nxf4 34. a5 Nd5 35. a6 Rf7 36. Ke2 Nc3+ 37. Kd3 Rf3+ 38. Kd2 Ne4+ 39. Ke2 Rf2+
40. Kd1 Nc3+ 41. Ke1 Rxc2 42. g4 Nb4 43. Rg3 Nxa6 44. g5 Nb4 45. g6 hxg6 46.
Rxg6 Nd3+ 47. Kf1 Rc1+ 0-1

[Event "DEM U14 2010"]
[Site "Oberhof GER"]
[Date "2010.05.24"]
[Round "3"]
[White "Xu, Xianliang"]
[Black "Grötzbach, Julian"]
[Result "1/2-1/2"]
[Termination "normal"]
[Board "8"]
[WhiteElo "1995"]
[BlackElo "1861"]
[PlyCount "60"]
[WhiteFideId "4603230"]
[BlackFideId "24600938"]
[EventCountry "GER"]
[EventRounds "9"]
[EventType "swiss"]
[EventDate "2010.05.22"]

1. c4 Nf6 2. Nc3 g6 3. g3 Bg7 4. Bg2 O-O 5. d3 d6 6. e4 c5 7. Nge2 Nc6 8. O-O
Ne8 9. Be3 a6 10. d4 cxd4 11. Nxd4 Nc7 12. Rc1 Ne6 13. Nde2 Ne5 14. Nd5 Nc5 15.
b4 Ncd7 16. Qb3 b6 17. Rfd1 Bb7 18. h3 Rb8 19. f4 Nc6 20. Kh2 Kh8 21. Qb1 Ba8
22. Nd4 Nxd4 23. Bxd4 Bxd5 24. Bxg7+ Kxg7 25. Rxd5 Nf6 26. Rd2 Qc7 27. Qd3 Rfd8
28. Rdc2 Nd7 29. Qe2 Qa7 30. Qe3 Qc7 1/2-1/2

[Event "DEM U14 2010"]
[Site "Oberhof GER"]
[Date "2010.05.24"]
[Round "3"]
[White "Kvetny, Mark"]
[Black "Brinkmann, Fabian"]
[Result "1-0"]
[Termination "normal"]
[Board "9"]
[WhiteElo "1916"]
[BlackElo "1726"]
[PlyCount "65"]
[WhiteFideId "24603929"]
[BlackFideId "24661414"]
[EventCountry "GER"]
[EventRounds "9"]
[EventType "swiss"]
[EventDate "2010.05.22"]

1. d4 Nf6 2. c4 g6 3. Nc3 Bg7 4. e4 d6 5. Be2 O-O 6. Nf3 a6 7. O-O c5 8. h3
Nfd7 9. Be3 Nc6 10. Qd2 cxd4 11. Nxd4 Nde5 12. Nd5 Be6 13. Nxe6 fxe6 14. Nb6
Rb8 15. Rad1 Qc7 16. f4 Nf7 17. Bg4 Ncd8 18. e5 Re8 19. Qc2 Nh6 20. Qa4 Kf7 21.
Qb4 Nf5 22. Bxf5 exf5 23. exd6 exd6 24. Rxd6 Nc6 25. Qc5 Rbd8 26. Qd5+ Kf8 27.
Rxd8 Rxd8 28. Qc5+ Kf7 29. Nd5 Qd6 30. Qxd6 Rxd6 31. b3 Ne7 32. Bc5 Re6 33.
Bxe7 1-0

[Event "DEM U14 2010"]
[Site "Oberhof GER"]
[Date "2010.05.24"]
[Round "3"]
[White "Galkin, Wladislaw"]
[Black "Yankelevich, Lev"]
[Result "1/2-1/2"]
[Termination "normal"]
[Board "10"]
[WhiteElo "1940"]
[BlackElo "1926"]
[PlyCount "77"]
[WhiteFideId "4603192"]
[BlackFideId "24684074"]
[EventCountry "GER"]
[EventRounds "9"]
[EventType "swiss"]
[EventDate "2010.05.22"]

1. d4 d5 2. c4 e6 3. Nc3 Nf6 4. Bg5 Nbd7 5. Nf3 c6 6. e3 Qa5 7. Nd2 Bb4 8. Qc2
O-O 9. Be2 e5 10. dxe5 Ne4 11. Ndxe4 dxe4 12. O-O Bxc3 13. bxc3 Re8 14. Rfd1
Qxe5 15. Bf4 Qa5 16. Rd4 Nc5 17. Rad1 Bf5 18. g4 Bg6 19. Bg3 Rad8 20. Qb2 Rc8
21. h4 h6 22. Rd6 Na4 23. Qb4 Qxb4 24. cxb4 Nc3 25. R1d2 Nxe2+ 26. Rxe2 Re7 27.
Red2 h5 28. gxh5 Bxh5 29. Rd7 Rxd7 30. Rxd7 b5 31. c5 Be2 32. Rxa7 Bc4 33. Kh2
Kh7 34. Be5 Kg6 35. Kg3 Kf5 36. Bd6 g5 37. hxg5 Kxg5 38. f4+ Kf5 39. Kf2
1/2-1/2

[Event "DEM U14 2010"]
[Site "Oberhof GER"]
[Date "2010.05.24"]
[Round "3"]
[White "Moritz, Aron"]
[Black "Knopf, Felix"]
[Result "1-0"]
[Termination "normal"]
[Board "11"]
[WhiteElo "2024"]
[BlackElo "1745"]
[PlyCount "55"]
[WhiteFideId "24672319"]
[BlackFideId "24692204"]
[EventCountry "GER"]
[EventRounds "9"]
[EventType "swiss"]
[EventDate "2010.05.22"]

1. e4 c5 2. Nf3 d6 3. d4 cxd4 4. Nxd4 Nf6 5. Nc3 a6 6. Be3 e6 7. f4 Qc7 8. Qf3
Nbd7 9. Bd3 b5 10. g4 Nc5 11. g5 Nfd7 12. h4 Bb7 13. h5 Rc8 14. a3 Qb8 15. Ke2
Qa8 16. Rh4 Be7 17. Rc1 Nxd3 18. cxd3 Qb8 19. Rg4 Rc7 20. Qg3 Qd8 21. g6 fxg6
22. Rxg6 Bf6 23. Nxe6 hxg6 24. Qxg6+ Ke7 25. Nxc7 Bxc3 26. Rxc3 Qg8 27. e5 dxe5
28. fxe5 1-0

[Event "DEM U14 2010"]
[Site "Oberhof GER"]
[Date "2010.05.24"]
[Round "3"]
[White "Krause, Benedict"]
[Black "Neef, Maximilian"]
[Result "0-1"]
[Termination "normal"]
[Board "12"]
[WhiteElo "1827"]
[BlackElo "2040"]
[PlyCount "42"]
[WhiteFideId "12917990"]
[BlackFideId "24692085"]
[EventCountry "GER"]
[EventRounds "9"]
[EventType "swiss"]
[EventDate "2010.05.22"]

1. e4 e6 2. d4 d5 3. exd5 exd5 4. Bd3 Bd6 5. c3 Nc6 6. Nf3 Nge7 7. Qc2 Bg4 8.
Be2 Qd7 9. Be3 f6 10. Nbd2 O-O-O 11. O-O Rde8 12. Rfe1 g5 13. b4 h5 14. Nb3 Bf5
15. Bd3 Bxd3 16. Qxd3 Qf5 17. Qb5 h4 18. Nc5 Nd8 19. Rab1 h3 20. Rb3 hxg2 21.
Ra3 Qxf3 0-1

[Event "DEM U14 2010"]
[Site "Oberhof GER"]
[Date "2010.05.24"]
[Round "3"]
[White "Nöttling, Dominik"]
[Black "Schreiber, Kevin"]
[Result "1-0"]
[Termination "normal"]
[Board "13"]
[WhiteElo "1801"]
[BlackElo "1674"]
[PlyCount "79"]
[WhiteFideId "24672807"]
[BlackFideId "24655830"]
[EventCountry "GER"]
[EventRounds "9"]
[EventType "swiss"]
[EventDate "2010.05.22"]

1. e4 c5 2. Nf3 e6 3. d4 cxd4 4. Nxd4 Nc6 5. Nc3 Qc7 6. Be3 a6 7. Bd3 Nf6 8.
O-O Bb4 9. Qd2 O-O 10. h3 Na5 11. a3 Be7 12. Qe2 d6 13. f4 Bd7 14. f5 Rac8 15.
fxe6 fxe6 16. Nf3 Nh5 17. Qf2 Nc4 18. Bxc4 Qxc4 19. Qe1 Qc7 20. Nd2 Rxf1+ 21.
Nxf1 Bf6 22. Rd1 Bxc3 23. bxc3 Nf6 24. Bd4 e5 25. Bf2 Bc6 26. Ng3 g6 27. Qe3
Ba4 28. Qd3 Rd8 29. c4 b6 30. c5 Bb5 31. cxb6 Qc6 32. Qb3+ Bc4 33. Qb4 Ne8 34.
b7 Rb8 35. Rb1 Bb5 36. a4 Rxb7 37. c4 a5 38. axb5 Qc7 39. Qb3 Kg7 40. b6 1-0

[Event "DEM U14 2010"]
[Site "Oberhof GER"]
[Date "2010.05.24"]
[Round "3"]
[White "Buchberger, Sascha"]
[Black "Holle, Cedric"]
[Result "0-1"]
[Termination "normal"]
[Board "14"]
[WhiteElo "1736"]
[BlackElo "1733"]
[PlyCount "42"]
[WhiteFideId "24690180"]
[BlackFideId "24692158"]
[EventCountry "GER"]
[EventRounds "9"]
[EventType "swiss"]
[EventDate "2010.05.22"]

1. e4 e6 2. Nf3 d5 3. e5 c5 4. b4 cxb4 5. d4 Nc6 6. a3 Qa5 7. Bd2 Nh6 8. c3 Nf5
9. Qb3 Bd7 10. Qb2 bxc3 11. Bxc3 Qb6 12. Bb5 Nxe5 13. dxe5 Bxb5 14. Nd4 Nxd4
15. Bxd4 Bc5 16. Bxc5 Qxc5 17. Nc3 Ba6 18. Rc1 Qd4 19. Nd1 Qxb2 20. Nxb2 Kd7
21. Na4 b6 0-1

[Event "DEM U14 2010"]
[Site "Oberhof GER"]
[Date "2010.05.25"]
[Round "4"]
[White "Carow, Johannes"]
[Black "Kyas, Philipp"]
[Result "1-0"]
[Termination "normal"]
[Board "1"]
[WhiteElo "1939"]
[BlackElo "2015"]
[PlyCount "99"]
[WhiteFideId "24692050"]
[BlackFideId "24670936"]
[EventCountry "GER"]
[EventRounds "9"]
[EventType "swiss"]
[EventDate "2010.05.22"]

1. d4 Nf6 2. c4 e6 3. Nc3 Bb4 4. Qc2 d5 5. Bg5 h6 6. Bh4 g5 7. Bg3 Ne4 8. e3 c6
9. Bd3 Nxg3 10. hxg3 Nd7 11. cxd5 cxd5 12. a3 Bxc3+ 13. Qxc3 Rb8 14. Rc1 a6 15.
Nf3 b5 16. Nd2 Bb7 17. O-O O-O 18. Bb1 f5 19. Nb3 Rc8 20. Qb4 Re8 21. g4 Qf6
22. Na5 Ba8 23. Qd6 Rxc1 24. Rxc1 Rd8 25. Rc7 e5 26. Qxf6 Nxf6 27. Bxf5 exd4
28. exd4 Ne8 29. Ra7 Nd6 30. b3 b4 31. a4 Nxf5 32. gxf5 Rc8 33. Rxa6 Kg7 34. g4
Kh7 35. Ra7+ Kg8 36. Kf1 Rc1+ 37. Ke2 Rc2+ 38. Ke1 Rc1+ 39. Kd2 Rc8 40. Ra6 Kg7
41. Rg6+ Kh7 42. Rb6 h5 43. gxh5 Rf8 44. Ke3 Rf7 45. Rxb4 Kh6 46. Rb6+ Kxh5 47.
Ra6 Rf8 48. f3 g4 49. fxg4+ Kxg4 50. f6 1-0

[Event "DEM U14 2010"]
[Site "Oberhof GER"]
[Date "2010.05.25"]
[Round "4"]
[White "Urban, Lars"]
[Black "Svane, Rasmus"]
[Result "0-1"]
[Termination "normal"]
[Board "2"]
[WhiteElo "1835"]
[BlackElo "2157"]
[PlyCount "70"]
[WhiteFideId "4644034"]
[BlackFideId "4657101"]
[EventCountry "GER"]
[EventRounds "9"]
[EventType "swiss"]
[EventDate "2010.05.22"]

1. d4 Nf6 2. c4 g6 3. Nc3 Bg7 4. e4 d6 5. f3 O-O 6. Be3 a6 7. Qd2 Nbd7 8. Nh3
c5 9. d5 Ne5 10. Nf2 e6 11. a4 exd5 12. Nxd5 Nxd5 13. cxd5 Bd7 14. Be2 b5 15.
f4 Nc4 16. Bxc4 bxc4 17. f5 Qb6 18. Nd1 Rfe8 19. fxg6 hxg6 20. Nc3 Rab8 21. Rb1
Bxc3 22. Qxc3 Rxe4 23. O-O Qb3 24. Qxb3 Rxb3 25. Bd2 Rd4 26. Bc3 Rxd5 27. Rbd1
Rd3 28. Rxd3 cxd3 29. Rf6 Be6 30. Rf2 d5 31. Bf6 Rb4 32. Kf1 Bg4 33. Rd2 Rf4+
34. Rf2 Rxf2+ 35. Kxf2 d2 0-1

[Event "DEM U14 2010"]
[Site "Oberhof GER"]
[Date "2010.05.25"]
[Round "4"]
[White "Wagner, Dennis"]
[Black "Stahnecker, Ludwig"]
[Result "1-0"]
[Termination "normal"]
[Board "3"]
[WhiteElo "2112"]
[BlackElo "1991"]
[PlyCount "71"]
[WhiteFideId "24650684"]
[BlackFideId "24692026"]
[EventCountry "GER"]
[EventRounds "9"]
[EventType "swiss"]
[EventDate "2010.05.22"]

1. e4 c5 2. Nf3 e6 3. Nc3 a6 4. d4 cxd4 5. Nxd4 Qc7 6. Bd3 Nc6 7. Be3 Nf6 8.
O-O Ne5 9. h3 Bc5 10. f4 Nc6 11. Nf5 Bxe3+ 12. Nxe3 d6 13. Kh1 O-O 14. Qe1 b5
15. Qh4 Re8 16. g4 Bb7 17. g5 Nd7 18. f5 Nce5 19. f6 Ng6 20. Qh5 Nde5 21. Ng4
Nxg4 22. hxg4 d5 23. Rf3 dxe4 24. Nxe4 Red8 25. fxg7 Kxg7 26. Raf1 Rd7 27. Qh6+
Kh8 28. Nf6 Nf8 29. Nxd7 Qxd7 30. Kh2 Bxf3 31. Rxf3 Kg8 32. Rh3 f6 33. gxf6 Qf7
34. Rh5 Ng6 35. Bxg6 Qxg6 36. Rg5 1-0

[Event "DEM U14 2010"]
[Site "Oberhof GER"]
[Date "2010.05.25"]
[Round "4"]
[White "Eigemann, Frederik"]
[Black "Blübaum, Matthias"]
[Result "1/2-1/2"]
[Termination "normal"]
[Board "4"]
[WhiteElo "1929"]
[BlackElo "2091"]
[PlyCount "113"]
[WhiteFideId "24692034"]
[BlackFideId "24651516"]
[EventCountry "GER"]
[EventRounds "9"]
[EventType "swiss"]
[EventDate "2010.05.22"]

1. d4 Nf6 2. Bg5 e6 3. e4 h6 4. Bxf6 Qxf6 5. Nc3 d6 6. Qd2 c6 7. Nf3 Nd7 8. Rd1
e5 9. Be2 Be7 10. a3 O-O 11. O-O Rd8 12. Qe3 Nf8 13. d5 Ng6 14. g3 Bh3 15. Rfe1
Nf4 16. Bf1 Qg6 17. Kh1 Bxf1 18. Rxf1 Nh5 19. Rd2 Rf8 20. Rg1 Qg4 21. Qe2 f5
22. Ne1 Qxe2 23. Rxe2 fxe4 24. dxc6 bxc6 25. Nxe4 d5 26. Nd2 Bd6 27. f3 Rae8
28. Nd3 Re7 29. Rge1 Rfe8 30. Kg2 Nf6 31. Nf2 Kf7 32. Kf1 g5 33. Kg2 Kg6 34. c3
h5 35. h3 Kf5 36. b4 Rg8 37. g4+ hxg4 38. hxg4+ Kg6 39. Rh1 Rh7 40. Rxh7 Nxh7
41. Nf1 Nf8 42. Ng3 Bc7 43. Nd3 Kf6 44. Nh5+ Ke6 45. f4 gxf4 46. Nhxf4+ Kd7 47.
Nxe5+ Bxe5 48. Rxe5 Rxg4+ 49. Kf3 Rg1 50. Rf5 Ke7 51. a4 Ra1 52. b5 Ra3 53. Ne2
Rxa4 54. bxc6 Rc4 55. Rxd5 Rxc6 56. Ra5 a6 57. Ke3 1/2-1/2

[Event "DEM U14 2010"]
[Site "Oberhof GER"]
[Date "2010.05.25"]
[Round "4"]
[White "Lampert, Jonas"]
[Black "Kvetny, Mark"]
[Result "1-0"]
[Termination "normal"]
[Board "5"]
[WhiteElo "2107"]
[BlackElo "1916"]
[PlyCount "79"]
[WhiteFideId "1303759"]
[BlackFideId "24603929"]
[EventCountry "GER"]
[EventRounds "9"]
[EventType "swiss"]
[EventDate "2010.05.22"]

1. e4 c5 2. Nf3 d6 3. d4 cxd4 4. Nxd4 Nf6 5. Nc3 a6 6. Bg5 e6 7. f4 Qb6 8. Qd2
Qxb2 9. Rb1 Qa3 10. e5 h6 11. Bh4 dxe5 12. fxe5 g5 13. exf6 gxh4 14. Be2 h3 15.
g3 Nd7 16. O-O h5 17. Rb3 Qa5 18. Bf3 Bh6 19. Qe1 Qc5 20. Qf2 Ne5 21. Ne4 Nxf3+
22. Rxf3 Qd5 23. Re1 O-O 24. Rd3 b5 25. g4 hxg4 26. Qh4 Kh7 27. Nxe6 Bxe6 28.
Rxd5 Bxd5 29. Ng5+ Kg6 30. Qxg4 Rg8 31. Re5 Be6 32. Nxe6+ Kh7 33. Ng5+ Bxg5 34.
Qxh3+ Bh6+ 35. Kf1 Rad8 36. Qf5+ Rg6 37. Re7 Kg8 38. h4 Rd6 39. Re8+ Bf8 40.
Rxf8+ 1-0

[Event "DEM U14 2010"]
[Site "Oberhof GER"]
[Date "2010.05.25"]
[Round "4"]
[White "Neef, Maximilian"]
[Black "Moritz, Aron"]
[Result "0-1"]
[Termination "normal"]
[Board "7"]
[WhiteElo "2040"]
[BlackElo "2024"]
[PlyCount "90"]
[WhiteFideId "24692085"]
[BlackFideId "24672319"]
[EventCountry "GER"]
[EventRounds "9"]
[EventType "swiss"]
[EventDate "2010.05.22"]

1. d4 Nf6 2. c4 e6 3. Nf3 d5 4. g3 Bb4+ 5. Bd2 Be7 6. Bg2 O-O 7. O-O Nbd7 8.
Qc2 c6 9. b3 b6 10. Nc3 Bb7 11. Rfd1 Rc8 12. e4 c5 13. exd5 exd5 14. Be3 dxc4
15. d5 Ng4 16. Bf4 Bf6 17. bxc4 Ba6 18. Rac1 Nge5 19. Ne4 Nxc4 20. Qa4 Na5 21.
Nd6 Rb8 22. Nb5 Bxb5 23. Qxb5 Ra8 24. Bh3 Nb8 25. Ne5 Qe8 26. Nd7 Nxd7 27. Bxd7
Qe4 28. Bh3 Bd4 29. Bg2 Qf5 30. Re1 Qf6 31. Rcd1 a6 32. Qa4 Rad8 33. Re2 Bc3
34. h4 h6 35. Rb1 b5 36. Qa3 Nb7 37. d6 Nxd6 38. Qxa6 b4 39. Qc6 Bd4 40. Rc1
Qg6 41. Bd5 Qd3 42. Re7 Nf5 43. Rc7 Rxd5 44. Kg2 Nxh4+ 45. gxh4 Qe4+ 0-1

[Event "DEM U14 2010"]
[Site "Oberhof GER"]
[Date "2010.05.25"]
[Round "4"]
[White "Yankelevich, Lev"]
[Black "Xu, Xianliang"]
[Result "1/2-1/2"]
[Termination "normal"]
[Board "8"]
[WhiteElo "1926"]
[BlackElo "1995"]
[PlyCount "90"]
[WhiteFideId "24684074"]
[BlackFideId "4603230"]
[EventCountry "GER"]
[EventRounds "9"]
[EventType "swiss"]
[EventDate "2010.05.22"]

1. e4 d5 2. exd5 Qxd5 3. Nc3 Qa5 4. d4 c6 5. Bc4 Bf5 6. Nf3 Nf6 7. Ne5 e6 8.
O-O Bd6 9. Bf4 Qc7 10. Bg3 O-O 11. Bd3 Bxd3 12. Qxd3 Nbd7 13. Qe2 a6 14. Rad1
Rad8 15. Rfe1 c5 16. Nxd7 Nxd7 17. Bxd6 Qxd6 18. d5 exd5 19. Rxd5 Qb6 20. Red1
Nf6 21. Na4 Qa5 22. Rxd8 Rxd8 23. Rxd8+ Qxd8 24. Nxc5 h6 25. Nd3 Qa5 26. a3 Qd5
27. h3 Qc4 28. Nc1 Qd4 29. c3 Qd5 30. Qd3 Qe6 31. Qe2 Qd5 32. Nd3 Qc4 33. Qe3
Qb3 34. Qf3 Qc2 35. Kh2 Qb3 36. g3 Qc2 37. Kg2 Qb3 38. g4 Qb5 39. b4 Nd7 40.
Nb2 Qb6 41. c4 Qd4 42. Qd5 Qxd5+ 43. cxd5 Nb6 44. d6 Kf8 45. Kf3 Ke8 1/2-1/2